000 01017nam a2200313 i 4500
001 bg
003 BPK
005 20230222144715.0
008 981103s1985 pl a f |000 0 pol
015 _aPB 1986/259
020 _a8320407761
040 _aWA N
_cBPK
041 0 _apol
080 _a004.438
080 _a(07)
100 1 _aCzech, Zbigniew
_eAutor
245 1 0 _aProgramowanie w języku BASIC /
_cZbigniew Czech, Krzysztof Nałęcki, Stanisław Wołek.
250 _aWyd. 2 uzup.
260 _aWarszawa :
_bWydawnictwa Naukowo-Techniczne,
_c1985.
300 _a191, [1] s. :
_brys., wykr. ;
_c21 cm.
504 _aBibliogr. s.[192].
655 4 _aPodręcznik
650 4 _aBASIC (język programowania)
700 1 _aNałęcki, Krzysztof.
700 1 _aWołek, Stanisław.
710 2 _aWydawnictwa Naukowo-Techniczne
_4pbl.
856 _uhttp://koha.tu.koszalin.pl/cgi-bin/koha/opac-detail.pl?biblionumber=2631
_yKatalog online BPK
942 _2UKD
_cKS
999 _c2631
_d2631